[Event "Blitz 2012"]
[Site "SchemingMind.com"]
[Date "2012.01.10"]
[Round "-"]
[White "Majoanis"]
[Black "mmccaffe"]
[Result "1-0"]
[WhiteCountry "CAN"]
[BlackCountry "USA"]
[WhiteElo "1862"]
[WhiteRD "58"]
[BlackElo "1701"]
[BlackRD "58"]
[GameID "301114"]

1. e4 c5 2. Nf3 d6 3. Bb5+ Bd7 4. Bxd7+ Qxd7 5. O-O Nc6 6. b3 Nf6 7. Re1 e5 8. c3 g6 9. d4 cxd4 10. cxd4 Bg7
11. d5 Nb8 12. Bb2 O-O 13. Nbd2 Na6 14. Qe2 Rac8 15. Rec1 Rxc1+ 16. Rxc1 Rc8 17. Rxc8+ Qxc8 18. Nc4 Qd7 19. Nfd2 Nh5 20. g3 Nc5
21. Ba3 b6 22. Bxc5 bxc5 23. Nb1 f5 24. exf5 Qxf5 25. Nbd2 Qc2 26. Nxd6 Qxa2 27. N6c4 Qa1+ 28. Kg2 Qd4 29. d6 Qd5+ 30. Qe4 Qxe4+
31. Nxe4 Nf6 32. Nxc5 Kf7 33. Nxe5+
1-0

[Event "Blitz 2012"]
[Site "SchemingMind.com"]
[Date "2012.01.10"]
[Round "-"]
[White "mmccaffe"]
[Black "Majoanis"]
[Result "1/2-1/2"]
[WhiteCountry "USA"]
[BlackCountry "CAN"]
[WhiteElo "1701"]
[WhiteRD "58"]
[BlackElo "1862"]
[BlackRD "58"]
[GameID "301115"]

1. e4 c6 2. Nc3 d5 3. Nf3 Bg4 4. h3 Bxf3 5. Qxf3 e6 6. exd5 cxd5 7. Bd3 Nc6 8. a3 Nf6 9. O-O Be7 10. b4 O-O
11. Bb2 Ne5 12. Qg3 Nxd3 13. Qxd3 Rc8 14. f4 Qb6+ 15. Kh1 a6 16. f5 Rc4 17. fxe6 fxe6 18. Rae1 h6 19. Qg3 Rc6 20. Nxd5 Qd8
21. Nxe7+ Qxe7 22. Bc3 Nd5 23. Rxf8+ Kxf8 24. Rf1+ Kg8 25. Be5 Rc8 26. c4 Rxc4 27. Bd6 Qh4 28. Rf8+ Kh7 29. Qd3+ Qe4 30. Qxe4+ Rxe4
31. Rb8 b6 32. Ra8 Rd4 33. Rxa6 Rxd2 34. Ra7 Rd1+ 35. Kh2 Ne3 36. Bf8 Nf1+ 37. Kg1 Ng3+ 38. Kf2 Rf1+ 39. Kxg3 Rxf8 40. Rb7= Ra8
41. Rxb6 Rxa3+=
1/2-1/2

[Event "Blitz 2012"]
[Site "SchemingMind.com"]
[Date "2012.01.13"]
[Round "-"]
[White "kenneth m day"]
[Black "Majoanis"]
[Result "1/2-1/2"]
[WhiteCountry "USA"]
[BlackCountry "CAN"]
[WhiteElo "1866"]
[WhiteRD "52"]
[BlackElo "1862"]
[BlackRD "58"]
[GameID "301226"]

1. e4 c6 2. d4 d5 3. exd5 cxd5 4. Bd3 Nc6 5. c3 Nf6 6. Bf4 Bg4 7. f3 Bh5 8. Nd2 e6 9. Ne2 Bd6 10. Bg3 Qc7
11. Qb3 O-O 12. O-O Bxg3 13. Nxg3 Bg6 14. Bxg6 hxg6 15. Qc2 Ne7 16. Rf2 Nf5 17. Nxf5 gxf5 18. Nf1 b5 19. Nd2 Rfc8 20. Nb3 Nd7
21. a3 a5 22. Rff1 b4 23. axb4 axb4 24. Rxa8 Rxa8 25. Qd3 bxc3 26. Qxc3 Qxc3 27. bxc3 Ra3 28. Rb1 Kf8 29. Kf1 Ke7 30. Rb2 Kd6
31. Ke2 Kc6 32. Kd3 Nb6 33. Nd2 Na4 34. Rb3 Rxb3 35. Nxb3=
1/2-1/2

[Event "Blitz 2012"]
[Site "SchemingMind.com"]
[Date "2012.01.13"]
[Round "-"]
[White "kenneth m day"]
[Black "mmccaffe"]
[Result "1-0"]
[WhiteCountry "USA"]
[BlackCountry "USA"]
[WhiteElo "1920"]
[WhiteRD "54"]
[BlackElo "1696"]
[BlackRD "62"]
[GameID "301227"]

1. e4 c5 2. Nf3 d6 3. d4 cxd4 4. Nxd4 Nf6 5. Nc3 a6 6. f3 e5 7. Nb3 Be7 8. Be3 O-O 9. Qd2 Nbd7 10. O-O-O b5
11. g4 Nb6 12. g5 Nfd7 13. h4 Qc7 14. h5 Bb7 15. g6 Rac8 16. h6 fxg6 17. hxg7 Rf7 18. Bh6 Rxf3 19. Be2 Rf7 20. Bg4 b4
21. Nd5 Bxd5 22. exd5 Nxd5 23. Bxd7 Qxd7 24. Qxd5 Qc6 25. Qxc6 Rxc6 26. Rd5 Bf6 27. Nd2 Rfc7 28. Ne4 Rxc2+ 29. Kd1 Bxg7 30. Rh3 R2c6
31. Be3 Rc4 32. Nxd6 Rd7 33. Bd2 Rc6 34. Rhd3 Rd8 35. Bxb4 Rf8 36. Bc3 Rf1+ 37. Ke2 Rc1 38. Ne4 Re6 39. Rd8+ Kf7 40. R3d7+ Re7
41. Ng5+ Kf6 42. Nxh7+
1-0

[Event "Blitz 2012"]
[Site "SchemingMind.com"]
[Date "2012.01.13"]
[Round "-"]
[White "Majoanis"]
[Black "kenneth m day"]
[Result "0-1"]
[WhiteCountry "CAN"]
[BlackCountry "USA"]
[WhiteElo "1788"]
[WhiteRD "63"]
[BlackElo "1872"]
[BlackRD "55"]
[GameID "301228"]

1. e4 e6 2. d4 d5 3. Nc3 Nf6 4. Bg5 Be7 5. e5 Nfd7 6. h4 f6 7. exf6 Nxf6 8. Bd3 c5 9. dxc5 Bxc5 10. Nf3 O-O
11. O-O Nc6 12. Qe2 a6 13. Rae1 Qd6 14. Rd1 Bd7 15. Bxf6 Rxf6 16. Bxh7+ Kxh7 17. Ng5+ Kg8 18. Nce4 Qe7 19. Nxc5 Qxc5 20. Qh5 Qxc2
0-1

[Event "Blitz 2012"]
[Site "SchemingMind.com"]
[Date "2012.01.13"]
[Round "-"]
[White "mmccaffe"]
[Black "kenneth m day"]
[Result "1/2-1/2"]
[WhiteCountry "USA"]
[BlackCountry "USA"]
[WhiteElo "1696"]
[WhiteRD "62"]
[BlackElo "1920"]
[BlackRD "54"]
[GameID "301229"]

1. d4 Nf6 2. c4 e6 3. Nf3 b6 4. g3 Bb7 5. Bg2 Be7 6. O-O O-O 7. Nc3 d5 8. b3 c5 9. dxc5 Bxc5 10. cxd5 Nxd5
11. Bb2 Na6 12. Qc2 Nab4 13. Qb1 h6 14. a3 Nxc3 15. Bxc3 Nd5 16. Rd1 Qe7 17. Bb2 Rfd8 18. b4 Bd6 19. Qa2 Rac8 20. Rac1 Rc7
21. Rxc7 Bxc7 22. Nd4 Qg5 23. Nf3 Qh5 24. Qc4 Rc8 25. Qd4 f6 26. e4 Ne7 27. Qd7 Qf7 28. Bh3 f5 29. Nd4 Bxe4 30. Nxe6 Bc6
31. Qd4 Qf6 32. Qxf6 gxf6 33. Nxc7 Rxc7 34. Bxf6 Nd5 35. Bb2 Rf7 36. b5 Bb7 37. Re1 Ne7 38. Rd1 Nd5 39. Re1 Ne7 40. Bf6 Nd5
41. Bb2 Ne7 42. Re6 Kh7 43. Rf6 Rxf6 44. Bxf6 Nd5 45. Bxf5+ Kg8 46. Be5 Ne7 47. Be6+ Kf8 48. Bf4 Kg7 49. Bc4 Kg6 50. Bb8 Nc8
51. a4 Kf6 52. Be2 Ke7 53. Bg4 a6 54. Bxc8 Bxc8 55. Bc7 axb5 56. axb5 Bd7 57. Bxb6 Bxb5 58. f4 Kf6 59. Kf2 Bc6 60. Ke3 h5
61. Bd4+ Kf5 62. Be5 Bg2 63. Kf2=
1/2-1/2

[Event "Blitz 2012"]
[Site "SchemingMind.com"]
[Date "2012.01.18"]
[Round "-"]
[White "emvarela"]
[Black "Majoanis"]
[Result "0-1"]
[WhiteCountry "ARG"]
[BlackCountry "CAN"]
[WhiteElo "1819"]
[WhiteRD "48"]
[BlackElo "1868"]
[BlackRD "55"]
[GameID "301302"]

1. d4 d5 2. c4 c6 3. Nc3 Nf6 4. Nf3 dxc4 5. a4 Bf5 6. e3 e6 7. Bxc4 Bb4 8. O-O O-O 9. Qe2 Nbd7 10. Ne5 Bg6
11. Nxg6 hxg6 12. Bd2 a5 13. f3 e5 14. dxe5 Nxe5 15. Rfd1 Nxc4 16. Qxc4 Qe7 17. Na2 Bxd2 18. Rxd2 Qxe3+ 19. Rf2 Rad8 20. Qe2 Qxe2
21. Rxe2 Rfe8 22. Rae1 Rxe2 23. Rxe2 Rd4 24. Nc3 Nd5 25. Nxd5 cxd5 26. b3 Rd3 27. Rb2 f5 28. b4 Ra3 29. bxa5 Rxa4 30. Rxb7 Rxa5
31. Rb4 Kf7 32. Rd4 Ke6 33. f4 Ra2 34. h3 Rc2 35. g3 Kd6 36. Ra4 Kc5 37. Ra7 Kd4 38. Rxg7 Ke3 39. Rxg6 d4 40. h4 d3
41. Re6+ Kf3
0-1

[Event "Blitz 2012"]
[Site "SchemingMind.com"]
[Date "2012.01.18"]
[Round "-"]
[White "emvarela"]
[Black "mmccaffe"]
[Result "1-0"]
[WhiteCountry "ARG"]
[BlackCountry "USA"]
[WhiteElo "1819"]
[WhiteRD "48"]
[BlackElo "1696"]
[BlackRD "62"]
[GameID "301303"]

1. e4 e5 2. Nf3 Nc6 3. Bb5 d6 4. d4 Bd7 5. Nc3 exd4 6. Nxd4 Nxd4 7. Bxd7+ Qxd7 8. Qxd4 Nf6 9. O-O Be7 10. Re1 O-O
11. Bg5 h6 12. Bxf6 Bxf6 13. Qd3 Qc6 14. Nd5 Rfe8 15. Nxf6+ gxf6 16. Re2 Qc5 17. c4 Qe5 18. Qg3+ Qg5 19. Re3 Qxg3 20. hxg3 Re6
21. f4 Rae8 22. Rae1 f5 23. Kf2 fxe4 24. f5 Re5 25. g4 c6 26. Kg3 d5 27. cxd5 cxd5 28. Kf4 f6 29. Rb3 R8e7 30. a4 d4
31. Rb4 d3 32. Rd4 a5 33. b3 Kf7 34. Re3 Rc5 35. Rdxe4 Rxe4+ 36. Kxe4 Rc2 37. Rxd3 Rxg2 38. Kf3 Rc2 39. Rd7+ Kg8 40. Rxb7 Rc3+
41. Kf4
1-0

[Event "Blitz 2012"]
[Site "SchemingMind.com"]
[Date "2012.01.19"]
[Round "-"]
[White "emvarela"]
[Black "kenneth m day"]
[Result "0-1"]
[WhiteCountry "ARG"]
[BlackCountry "USA"]
[WhiteElo "1815"]
[WhiteRD "51"]
[BlackElo "1866"]
[BlackRD "52"]
[GameID "301304"]

1. e4 e6 2. d4 d5 3. Nc3 Bb4 4. e5 c5 5. a3 Bxc3+ 6. bxc3 Ne7 7. Qg4 Nf5 8. Bd3 h5 9. Qf4 cxd4 10. cxd4 Nc6
11. Ne2 Bd7 12. Bxf5 exf5 13. O-O Rh6 14. Qf3 g5 15. Qe3 f4 16. Qd3 Na5 17. Bd2 Nc4 18. f3 Rc8 19. Rab1 Rc7 20. h3 Qc8
21. c3 Bf5
0-1

[Event "Blitz 2012"]
[Site "SchemingMind.com"]
[Date "2012.01.19"]
[Round "-"]
[White "Majoanis"]
[Black "emvarela"]
[Result "1-0"]
[WhiteCountry "CAN"]
[BlackCountry "ARG"]
[WhiteElo "1862"]
[WhiteRD "58"]
[BlackElo "1815"]
[BlackRD "51"]
[GameID "301305"]

1. e4 e5 2. Bc4 Nf6 3. d3 Nc6 4. Nf3 Bc5 5. c3 h6 6. O-O d6 7. a4 O-O 8. Nbd2 Bg4 9. h3 Bh5 10. Re1 Na5
11. Ba2 Bb6 12. b4 Nc6 13. a5 Bxf2+ 14. Kxf2 Nh7 15. g4 Bg6 16. Kg3 Ng5 17. Nxg5 hxg5 18. Nf3 Ne7 19. Bxg5 Kh7 20. Qd2 f6
21. Be3 d5 22. exd5 Nxd5 23. Rad1 Nxe3 24. Qxe3 Qe7 25. d4 Bf7 26. Bxf7 Qxf7 27. dxe5 fxe5 28. Ng5+
1-0

[Event "Blitz 2012"]
[Site "SchemingMind.com"]
[Date "2012.01.19"]
[Round "-"]
[White "mmccaffe"]
[Black "emvarela"]
[Result "1/2-1/2"]
[WhiteCountry "USA"]
[BlackCountry "ARG"]
[WhiteElo "1701"]
[WhiteRD "58"]
[BlackElo "1815"]
[BlackRD "51"]
[GameID "301306"]

1. d4 Nf6 2. c4 e6 3. Nc3 Bb4 4. e3 O-O 5. Bd3 d5 6. Nf3 c5 7. O-O dxc4 8. Bxc4 Nbd7 9. Qb3 Bxc3 10. bxc3 cxd4
11. cxd4 a6 12. Bb2 Nb6 13. Bd3 Bd7 14. Rac1 Nbd5 15. Ne5 b5 16. Nxd7 Qxd7 17. Rc5 Rfc8 18. Rfc1 Rxc5 19. Rxc5 Rc8 20. Qc2 Rxc5
21. Qxc5 Qc7 22. Qxc7=
1/2-1/2

[Event "Blitz 2012"]
[Site "SchemingMind.com"]
[Date "2012.01.19"]
[Round "-"]
[White "kenneth m day"]
[Black "emvarela"]
[Result "1-0"]
[WhiteCountry "USA"]
[BlackCountry "ARG"]
[WhiteElo "1866"]
[WhiteRD "52"]
[BlackElo "1815"]
[BlackRD "51"]
[GameID "301307"]

1. e4 e5 2. Nf3 f5 3. Nxe5 Qf6 4. d4 fxe4 5. Nc3 d6 6. Nc4 Qg6 7. f3 Nf6 8. Qe2 d5 9. Ne5 Qf5 10. Be3 c6
11. O-O-O Nbd7 12. fxe4 Nxe4 13. g4 Qf6 14. Nxe4 dxe4 15. Bg2 Nxe5 16. dxe5 Qxe5 17. Rhf1 Be7 18. Bd4 Qg5+ 19. Be3 Qxg4 20. Qc4 Qxg2
21. Qf7#
1-0

[Event "Blitz 2012"]
[Site "SchemingMind.com"]
[Date "2012.01.15"]
[Round "-"]
[White "kobby"]
[Black "Majoanis"]
[Result "0-1"]
[WhiteCountry "ENG"]
[BlackCountry "CAN"]
[WhiteElo "1479"]
[WhiteRD "108"]
[BlackElo "1788"]
[BlackRD "63"]
[GameID "301376"]

1. d4 d5 2. Bf4 Nf6 3. e3 e6 4. h3 Bd6 5. Bxd6 Qxd6 6. Nf3 O-O 7. a3 c5 8. c3 Nc6 9. Be2 b6 10. O-O Bb7
11. dxc5 Qxc5 12. Nbd2 Rac8 13. Rc1 Qe7 14. Nd4 Nxd4 15. cxd4 Ne4 16. Nxe4 dxe4 17. Qa4 Bd5 18. Ba6 Bb7 19. Rc3 Rxc3 20. bxc3 Bxa6
21. Qxa6 Qc7 22. Rc1 g6 23. Qb5 Rc8 24. c4 Qc6 25. Qb3 Qd6 26. Qb4 Qd7 27. c5 Qe7 28. Rc3 Rc6 29. g4 Qh4 30. Kg2 h5
31. gxh5 Qxh5 32. cxb6 Qf3+ 33. Kg1 Rxb6 34. Qc5 Rb2 35. Rc2 Qd1+ 36. Kg2 Qxc2 37. Qxc2 Rxc2 38. Kg3 Ra2
0-1

[Event "Blitz 2012"]
[Site "SchemingMind.com"]
[Date "2012.01.16"]
[Round "-"]
[White "kobby"]
[Black "mmccaffe"]
[Result "0-1"]
[WhiteCountry "ENG"]
[BlackCountry "USA"]
[WhiteElo "1536"]
[WhiteRD "86"]
[BlackElo "1701"]
[BlackRD "58"]
[GameID "301377"]

1. d4 Nf6 2. Bf4 g6 3. h3 Bg7 4. e3 O-O 5. Nf3 d6 6. Be2 Nbd7 7. a3 c5 8. c3 a6 9. O-O b5 10. dxc5 Nxc5
11. Nbd2 Bf5 12. Nd4 Bd3 13. N2b3 Bxe2 14. Nxe2 Ne6 15. Bh2 Nc5 16. Nbd4 Qb6 17. b4 Na4 18. Qb3 Rac8 19. Rac1 Nd7 20. Qc2 a5
21. Rfd1 axb4 22. axb4 Ne5 23. Qb3 Nc4 24. Ra1 Rc7 25. Rdc1 Rfc8 26. Nf4 Ra7 27. Nd5 Qb7 28. Nxe7+ Qxe7 29. Nxb5 Raa8 30. Rxa4 Rxa4
31. Qxa4 Nxe3 32. Bxd6 Qe4 33. Re1 Qxg2#
0-1

[Event "Blitz 2012"]
[Site "SchemingMind.com"]
[Date "2012.01.20"]
[Round "-"]
[White "kobby"]
[Black "emvarela"]
[Result "0-1"]
[WhiteCountry "ENG"]
[BlackCountry "ARG"]
[WhiteElo "1536"]
[WhiteRD "83"]
[BlackElo "1819"]
[BlackRD "48"]
[GameID "301378"]

1. d4 Nf6 2. Bf4 g6 3. e3 Bg7 4. h3 d6 5. Nf3 Nbd7 6. Be2 O-O 7. O-O b6 8. Nc3 Bb7 9. Nd2 c5 10. dxc5 bxc5
11. Bf3 Bxf3 12. Nxf3 Qb6 13. Rb1 Rab8 14. Na4 Qc6 15. b3 Nb6 16. Nc3 e5 17. Bh2 c4 18. Rc1 Nfd5 19. Ne4 f5 20. Neg5 Nc7
21. Nd2 h6 22. Ngf3 c3 23. Nb1 Ncd5 24. Qe2 e4 25. Ne1 Rbd8 26. Na3 Nb4 27. Ra1 d5 28. g4 d4 29. exd4 Rxd4 30. Qb5 Qxb5
31. Nxb5 Rd2 32. Nxa7 Nxc2 33. Nxc2 Rxc2 34. Nc6 Rd2 35. Bf4 Rd3 36. Be3 Nd5 37. Bc1 c2 38. a4 Bxa1 39. Ba3 Rd1 40. Bc1 Rxf1+
41. Kxf1 Rc8 42. Na5 Nb4 43. Nc4 Nd3 44. Bxh6 c1=Q+
0-1

[Event "Blitz 2012"]
[Site "SchemingMind.com"]
[Date "2012.01.15"]
[Round "-"]
[White "kobby"]
[Black "kenneth m day"]
[Result "0-1"]
[WhiteCountry "ENG"]
[BlackCountry "USA"]
[WhiteElo "1536"]
[WhiteRD "86"]
[BlackElo "1866"]
[BlackRD "52"]
[GameID "301379"]

1. d4 Nf6 2. h3 e6 3. Bf4 c5 4. c3 Nc6 5. e3 d5 6. a3 cxd4 7. cxd4 Qa5+ 8. Nc3 Ne4 9. Ne2 Bd6 10. Bxd6 Nxd6
11. b4 Qd8 12. Nf4 Qg5 13. Nfe2 O-O 14. Ng3 f5 15. Qd3 Ne4 16. Ncxe4 fxe4 17. Qc2 Bd7 18. Be2 Rac8 19. Qa2 Ne7 20. O-O Rc7
21. a4 Rfc8 22. Rab1 Rc2 23. Rb2 Rxb2 24. Qxb2 Bxa4 25. Ra1 b5 26. Bg4 Rc2 27. Bxe6+ Kh8 28. Qb1 Qf6 29. Bf5 Nxf5 30. Rxa4 Nxe3
31. Qxc2 Nxc2 32. Rxa7 h6 33. Nh5 Qxd4 34. Ra8+ Kh7 35. Nf4 e3 36. Ne6 Qd1+ 37. Kh2 exf2 38. Ra7 f1=Q 39. Rxg7+ Kh8
0-1

[Event "Blitz 2012"]
[Site "SchemingMind.com"]
[Date "2012.01.15"]
[Round "-"]
[White "Majoanis"]
[Black "kobby"]
[Result "1-0"]
[WhiteCountry "CAN"]
[BlackCountry "ENG"]
[WhiteElo "1788"]
[WhiteRD "63"]
[BlackElo "1479"]
[BlackRD "108"]
[GameID "301380"]

1. e4 d5 2. exd5 Qxd5 3. Nc3 Qa5 4. d4 h6 5. Nf3 Nf6 6. Bc4 e6 7. O-O a6 8. Bd2 Qb6 9. Bb3 c5 10. Na4 Qc7
11. dxc5 Bxc5 12. Nxc5 Qxc5 13. a3 Nc6 14. Bc3 Qe7 15. Re1 O-O 16. Qe2 Nd7 17. Rad1 Nc5 18. Ba2 Na4 19. Qe3 Nxc3 20. Qxc3 Bd7
21. Ne5 Nxe5 22. Qxe5 Bc6 23. Rd3 Rad8 24. Rg3 g5 25. h4 Kh7 26. hxg5 Rg8 27. c3 Rxg5 28. Bb1+ f5 29. Ba2 Rxg3 30. fxg3 Be4
31. g4 Rg8 32. Bxe6 Rg7 33. Bxf5+ Kg8 34. Qxe7 Rxe7 35. Rxe4 Rxe4 36. Bxe4 b6 37. Kf2 Kf8 38. Ke3 Ke7 39. Kd4
1-0

[Event "Blitz 2012"]
[Site "SchemingMind.com"]
[Date "2012.01.16"]
[Round "-"]
[White "mmccaffe"]
[Black "kobby"]
[Result "1-0"]
[WhiteCountry "USA"]
[BlackCountry "ENG"]
[WhiteElo "1701"]
[WhiteRD "58"]
[BlackElo "1536"]
[BlackRD "86"]
[GameID "301381"]

1. e4 d5 2. exd5 Qxd5 3. Nc3 Qd8 4. d4 a6 5. Be3 h6 6. h3 Nf6 7. Nf3 Bf5 8. Bd3 Bxd3 9. Qxd3 e6 10. O-O Be7
11. Rad1 O-O 12. d5 exd5 13. Nxd5 Nxd5 14. Qxd5 Nc6 15. Qb3 Qc8 16. Nd4 Nxd4 17. Rxd4 c5 18. Rd5 b5 19. Rfd1 c4 20. Qc3 Qb7
21. Rd7 Bf6 22. Rxb7 Bxc3 23. bxc3 Rfe8 24. Rdd7 Rad8 25. Rxf7
1-0

[Event "Blitz 2012"]
[Site "SchemingMind.com"]
[Date "2012.01.18"]
[Round "-"]
[White "emvarela"]
[Black "kobby"]
[Result "1-0"]
[WhiteCountry "ARG"]
[BlackCountry "ENG"]
[WhiteElo "1819"]
[WhiteRD "48"]
[BlackElo "1536"]
[BlackRD "83"]
[GameID "301382"]

1. e4 d5 2. exd5 Qxd5 3. Nc3 Qd8 4. d4 a6 5. Nf3 Nf6 6. Bf4 e6 7. Bc4 Bd6 8. Bxd6 cxd6 9. O-O O-O 10. d5 b5
11. Bb3 exd5 12. Nxd5 Bb7 13. Nxf6+ Qxf6 14. c3 Nd7 15. Bd5 Bxd5 16. Qxd5 h6 17. Rad1 Qg6 18. Qxd6 Nf6 19. Ne5 Qc2 20. Qd2 Qf5
21. f4 Rfd8 22. Qf2 Rd5 23. Rxd5 Nxd5 24. g3 f6 25. Nc6 Re8 26. Re1 Rxe1+ 27. Qxe1 Qd7 28. Nd4 Ne7 29. Qe6+ Qxe6 30. Nxe6 a5
31. Nd4 b4 32. cxb4 axb4 33. a4 bxa3 34. bxa3 Nd5 35. a4 Kf7 36. a5 Ke7 37. a6 g6 38. f5 g5 39. a7 Nb6 40. Ne6 Na8
41. Kf2 h5 42. h4 g4 43. Ng7 Kd6 44. Nxh5 Ke5 45. Ng7 Kd6 46. Ke3 Kc7 47. Ne8+ Kb7 48. h5 Kxa7 49. h6
1-0

[Event "Blitz 2012"]
[Site "SchemingMind.com"]
[Date "2012.01.15"]
[Round "-"]
[White "kenneth m day"]
[Black "kobby"]
[Result "0-1"]
[WhiteCountry "USA"]
[BlackCountry "ENG"]
[WhiteElo "1866"]
[WhiteRD "52"]
[BlackElo "1536"]
[BlackRD "86"]
[GameID "301383"]

1. e4 d5 2. exd5 Qxd5 3. Nc3 Qa5 4. d4 h6 5. Bd2 Qb6 6. Nf3 Nf6 7. Na4 Qd6 8. c4 Bg4 9. Be3 e6 10. Be2 Bf5
11. O-O Be7 12. Nc5 b6 13. Nd3 O-O 14. Bf4 Qd8 15. Nde5 Qc8 16. Re1 c5 17. Qd2 Nc6 18. Rad1 Rd8 19. Nxc6 Qxc6 20. Ne5 Qe8
21. Bf3 Rac8 22. Qe3 cxd4 23. Rxd4 Bc5 24. Rxd8 Qxd8 25. Qc1 Bb4 26. Rd1 Qf8 27. b3 b5 28. Nc6 Ba3 29. Qe3 bxc4 30. bxc4 Bg4
31. Nxa7 Bc5 32. Qe2 Bxf3 33. Qxf3 Bxa7 34. Qb7 Rxc4 35. g3 Bd4 36. Qb3 Qc8 37. Rb1 Ng4 38. Qd3 Nxf2 39. Qe2 Nh3+ 40. Kg2 Nxf4+
0-1

[Event "Blitz 2012"]
[Site "SchemingMind.com"]
[Date "2012.01.19"]
[Round "-"]
[White "Phillip Beckett"]
[Black "kobby"]
[Result "0-1"]
[WhiteCountry "ENG"]
[BlackCountry "ENG"]
[WhiteElo "1612"]
[WhiteRD "50"]
[BlackElo "1479"]
[BlackRD "108"]
[GameID "301713"]

1. d4 d5 2. e3 a6 3. Bd3 h6 4. f4 Nf6 5. Nf3 Bg4 6. Nbd2 e6 7. O-O Bb4 8. c3 Be7 9. Qe1 O-O 10. Ne5 Bh5
11. Ndf3 Nbd7 12. Nxd7 Qxd7 13. Ne5 Qc8 14. Qg3 c5 15. Qh3 c4 16. g4 cxd3 17. gxh5 Ne4 18. f5 d2 19. Bxd2 Nxd2 20. f6 Nxf1
21. fxg7 Re8 22. Nxf7 Kxf7 23. Rxf1+ Kxg7 24. Qg4+ Bg5 25. h4 e5 26. Qxc8 Raxc8 27. hxg5 hxg5
0-1

[Event "Blitz 2012"]
[Site "SchemingMind.com"]
[Date "2012.01.19"]
[Round "-"]
[White "Phillip Beckett"]
[Black "Majoanis"]
[Result "0-1"]
[WhiteCountry "ENG"]
[BlackCountry "CAN"]
[WhiteElo "1602"]
[WhiteRD "51"]
[BlackElo "1862"]
[BlackRD "58"]
[GameID "301714"]

1. d4 Nf6 2. e3 d5 3. Bd3 e6 4. f4 c5 5. c3 Nc6 6. Nf3 Be7 7. Nbd2 O-O 8. O-O b6 9. Ne5 Bb7 10. Ndf3 Rc8
11. Qe1 cxd4 12. exd4 Nxe5 13. fxe5 Ne4 14. Nd2 Nxd2 15. Bxd2 Bg5 16. Bxg5 Qxg5 17. Rf3 g6 18. Rg3 Qh6 19. Rh3 Qg7 20. Qh4 Bc6
21. Rf1 Be8 22. Rf6 b5 23. a3 a5 24. Rf2 b4 25. Rhf3 bxa3 26. bxa3 Rxc3 27. Bb1 Rc1+ 28. Rf1 Rxf1+ 29. Rxf1 h5 30. Qe7 Qh6
31. Qa7 a4 32. Bc2 Qe3+ 33. Kh1 Qe2
0-1

[Event "Blitz 2012"]
[Site "SchemingMind.com"]
[Date "2012.01.22"]
[Round "-"]
[White "Phillip Beckett"]
[Black "mmccaffe"]
[Result "1/2-1/2"]
[WhiteCountry "ENG"]
[BlackCountry "USA"]
[WhiteElo "1602"]
[WhiteRD "51"]
[BlackElo "1701"]
[BlackRD "58"]
[GameID "301715"]

1. d4 Nf6 2. e3 e6 3. Bd3 d5 4. f4 c5 5. c3 Ne4 6. Nf3 Be7 7. Nbd2 f5 8. O-O O-O 9. Bc2 Nc6 10. Ne5 Nxe5
11. fxe5 c4 12. Nxe4 fxe4 13. Bd2 Bd7 14. Qe2 Qe8 15. Rxf8+ Qxf8 16. Rf1 Qe8 17. Qg4 Qg6 18. Qxg6 hxg6 19. Bd1 Rf8=
1/2-1/2

[Event "Blitz 2012"]
[Site "SchemingMind.com"]
[Date "2012.01.22"]
[Round "-"]
[White "Phillip Beckett"]
[Black "emvarela"]
[Result "1/2-1/2"]
[WhiteCountry "ENG"]
[BlackCountry "ARG"]
[WhiteElo "1594"]
[WhiteRD "53"]
[BlackElo "1819"]
[BlackRD "48"]
[GameID "301716"]

1. d4 Nf6 2. e3 d5 3. f4 Bf5 4. Nf3 e6 5. c3 Nc6 6. Be2 Bd6 7. O-O Qe7 8. Ne5 Bxe5 9. fxe5 Ne4 10. Nd2 O-O-O
11. Nxe4 Bxe4 12. Bd3 Bxd3 13. Qxd3 g5 14. e4 h6 15. exd5 exd5 16. Qf5+ Rd7 17. Bd2 Nd8 18. b4 Ne6 19. Qf6 Qxf6 20. Rxf6 c6
21. Raf1 Rh7 22. h4 gxh4 23. Be1 Ng5 24. Bxh4 Ne4 25. R6f3 Nd2 26. R1f2 Nxf3+ 27. Rxf3 Rg7 28. Bf6 Rg6 29. Rh3 b6 30. a4 Rd6
31. Kf2 Rdxf6+ 32. exf6 Rxf6+ 33. Ke3 Kd7 34. Rh5 Kd6 35. Rh3 c5 36. dxc5+ bxc5 37. Rh5 Re6+ 38. Kd3 c4+ 39. Kd2 Rg6 40. g4 Rxg4
41. Rxh6+ Rg6 42. Rh5 Rg2+= 43. Ke3 Rg6 44. Rh7=
1/2-1/2

[Event "Blitz 2012"]
[Site "SchemingMind.com"]
[Date "2012.01.20"]
[Round "-"]
[White "Phillip Beckett"]
[Black "kenneth m day"]
[Result "0-1"]
[WhiteCountry "ENG"]
[BlackCountry "USA"]
[WhiteElo "1602"]
[WhiteRD "51"]
[BlackElo "1866"]
[BlackRD "52"]
[GameID "301717"]

1. d4 Nf6 2. e3 d5 3. Bd3 c5 4. c3 Nc6 5. f4 Bg4 6. Nf3 e6 7. O-O Bd6 8. Nbd2 cxd4 9. cxd4 Rc8 10. Qe1 O-O
11. Ne5 Bf5 12. Bxf5 exf5 13. Ndf3 Ne4 14. Bd2 f6 15. Nxc6 Rxc6 16. Bb4 Rf7 17. Bxd6 Qxd6 18. Rc1 Rfc7 19. Rxc6 Rxc6 20. Nh4 g6
21. Nf3 Rc2 22. b3 Qa3 23. Qb1 Qxa2 24. Qxa2 Rxa2 25. Rb1 Re2 26. Re1 Rb2 27. Rc1 Rxb3 28. Rc8+ Kg7 29. Rc7+ Kh6 30. Rd7 Rb1+
0-1

[Event "Blitz 2012"]
[Site "SchemingMind.com"]
[Date "2012.01.19"]
[Round "-"]
[White "kobby"]
[Black "Phillip Beckett"]
[Result "1-0"]
[WhiteCountry "ENG"]
[BlackCountry "ENG"]
[WhiteElo "1479"]
[WhiteRD "108"]
[BlackElo "1612"]
[BlackRD "50"]
[GameID "301718"]

1. d4 d5 2. Bf4 Nf6 3. h3 e6 4. e3 c5 5. a3 Nc6 6. c3 Bd6 7. Bxd6 Qxd6 8. Nf3 O-O 9. Be2 cxd4 10. cxd4 Bd7
11. O-O Rfc8 12. Nc3 Na5 13. b4 Nc4 14. Bxc4 Rxc4 15. Rc1 Rac8 16. Qd2 Qc7 17. Ne2 Rxc1 18. Rxc1 Qd8 19. Ne5 Rxc1+ 20. Qxc1 Qc8
21. Qc5 b6 22. Qxc8+ Bxc8 23. b5 Nd7 24. Nc6 a5 25. Ne7+
1-0

[Event "Blitz 2012"]
[Site "SchemingMind.com"]
[Date "2012.01.19"]
[Round "-"]
[White "Majoanis"]
[Black "Phillip Beckett"]
[Result "1/2-1/2"]
[WhiteCountry "CAN"]
[BlackCountry "ENG"]
[WhiteElo "1862"]
[WhiteRD "58"]
[BlackElo "1602"]
[BlackRD "51"]
[GameID "301719"]

1. Nf3 Nf6 2. c4 e6 3. g3 d5 4. d4 Be7 5. Bg2 c6 6. Qc2 O-O 7. O-O Nbd7 8. Nbd2 dxc4 9. Nxc4 Nb6 10. Nce5 Nbd5
11. Rd1 Nb4 12. Qb1 Nd7 13. Nd3 Nxd3 14. Qxd3 Nf6 15. Bg5 h6 16. Bxf6 Bxf6 17. Rac1 Qe7 18. e4 g6 19. a3 Bg7 20. b4 a5
21. Rb1 axb4 22. axb4 Ra4 23. b5 Bd7 24. bxc6 Bxc6 25. d5 exd5 26. exd5 Rd8 27. Qb3 Be8 28. Qxb7 Qxb7 29. Rxb7 Ra1 30. Rxa1 Bxa1
31. Nd2 Bc3 32. Ne4 Bd4 33. Kf1 Kg7 34. Nd2 Ra8 35. Nb3 Bf6 36. Nc5 Ra1+ 37. Ke2 Ra2+ 38. Ke3 Ra3+ 39. Ke2 Ra2+ 40. Ke3 Ra3+
41. Ke2 Ra2+
1/2-1/2

[Event "Blitz 2012"]
[Site "SchemingMind.com"]
[Date "2012.01.22"]
[Round "-"]
[White "mmccaffe"]
[Black "Phillip Beckett"]
[Result "1/2-1/2"]
[WhiteCountry "USA"]
[BlackCountry "ENG"]
[WhiteElo "1701"]
[WhiteRD "58"]
[BlackElo "1602"]
[BlackRD "51"]
[GameID "301720"]

1. d4 d5 2. c4 e6 3. Nc3 Nf6 4. Bg5 Be7 5. e3 h6 6. Bh4 O-O 7. Nf3 Ne4 8. Bxe7 Qxe7 9. Bd3 Nxc3 10. bxc3 dxc4
11. Bxc4 Nd7 12. Qd3 c5 13. O-O cxd4 14. cxd4 Nb6 15. Bb3 Bd7 16. Ne5 Ba4 17. Rac1 Bxb3 18. Qxb3 Rfc8 19. f4 Rxc1 20. Rxc1 Rc8
21. Rxc8+ Nxc8 22. Qc3 Nb6 23. Qa5 Qc7 24. Qd2 f6 25. Nd3 Qc4 26. Nc5 Nd5 27. Nxb7 Qb4 28. Qxb4 Nxb4 29. a3=
1/2-1/2

[Event "Blitz 2012"]
[Site "SchemingMind.com"]
[Date "2012.01.22"]
[Round "-"]
[White "emvarela"]
[Black "Phillip Beckett"]
[Result "1-0"]
[WhiteCountry "ARG"]
[BlackCountry "ENG"]
[WhiteElo "1797"]
[WhiteRD "49"]
[BlackElo "1612"]
[BlackRD "50"]
[GameID "301721"]

1. e4 e5 2. Nf3 Nc6 3. Bb5 a6 4. Bxc6 dxc6 5. O-O Qd6 6. Na3 b5 7. c3 f6 8. d4 exd4 9. Qxd4 Qxd4 10. cxd4 Bd7
11. Bf4 O-O-O 12. Nc2 Ne7 13. a4 Ng6 14. axb5 axb5 15. Ra8+
1-0